• 首页
  • 本馆介绍
  • 公告通知
  • 最新文献
  • 馆藏检索
  • 电子资源
  • 读者导购
  • 参考咨询
  • 我的图书馆
  • 登录
  • 详细信息显示
  • 放入我的书架
  • 预约/预借图书
  • 作者相关作品
  • 分类相关作品
  • 丛书相关作品
  • 出版社相关作品

书目信息

  • 表格格式
  • 工作单格式
  • 卡片格式
题名:
高质量发展背景下科技型中小企业信用评估体系构建与应用研究
    
 
作者: 余澳 著
分册:  
出版信息: 成都   四川大学出版社  2019
页数: 152页
开本: 24cm
丛书名: 中国特色社会主义政治经济学丛书
单 册:
中图分类: F279.244.4
科图分类:
主题词: 高技术企业--gao ji shu qi ye--中小企业--企业信用--信用评估--研究--中国
电子资源:
ISBN: 978-7-5690-3282-6
000 01592oam2 2200277 450
001 2151098658
005 20211018173724.0
010    @a978-7-5690-3282-6@dCNY56.00
100    @a20201222d2019 em y0chiy50 ea
101 0  @achi
102    @aCN@b510000
105    @aak a 000yy
106    @ar
200 1  @a高质量发展背景下科技型中小企业信用评估体系构建与应用研究@Agao zhi liang fa zhan bei jing xia ke ji xing zhong xiao qi ye xin yong ping gu ti xi gou jian yu ying yong yan jiu@dThe construction and application of credit evaluation system for small and medium-sized sci-tech enterprises in the context of high-quality development@f余澳著@zeng
210    @a成都@c四川大学出版社@d2019
215    @a152页@c图@d24cm
225 2  @a中国特色社会主义政治经济学丛书@Azhong guo te se she hui zhu yi zheng zhi jing ji xue cong shu
320    @a有书目 (第147-152页)
330    @a本书揭示了高质量发展背景下构建科技型中小企业信用评估体系的重要意义, 深入分析了当前科技型中小企业信用评估理论与实践的不足, 通过“三上三下”方法确定指标, 形成了独具特色的指标体系, 准确界定各指标内涵、分值及权重, 并进行实证检验, 最后构建完善评估指标体系运用的支撑机制。
461  0 @12001 @a中国特色社会主义政治经济学丛书
510 1  @aThe construction and application of credit evaluation system for small and medium-sized sci-tech enterprises in the context of high-quality development@zeng
606 0  @a高技术企业@Agao ji shu qi ye@x中小企业@x企业信用@x信用评估@x研究@y中国
690    @aF279.244.4@v5
701  0 @a余澳@Ayu ao@4著
801  0 @aCN@b百万庄@c20211016
905    @b1309676-79@dF279.244.4@e1838@f4
    
    高质量发展背景下科技型中小企业信用评估体系构建与应用研究=The construction and application of credit evaluation system for small and medium-sized sci-tech enterprises in the context of high-quality development/余澳著.-成都:四川大学出版社,2019
    152页:图;24cm.-(中国特色社会主义政治经济学丛书)
    
    
    ISBN 978-7-5690-3282-6:CNY56.00
    本书揭示了高质量发展背景下构建科技型中小企业信用评估体系的重要意义, 深入分析了当前科技型中小企业信用评估理论与实践的不足, 通过“三上三下”方法确定指标, 形成了独具特色的指标体系, 准确界定各指标内涵、分值及权重, 并进行实证检验, 最后构建完善评估指标体系运用的支撑机制。
●
相关链接 在E读中查询图书 在五车中查询图书 在当当中查询图书 在豆瓣中查询图书


正题名:高质量发展背景下科技型中小企业信用评估体系构建与应用研究     索取号:F279.244.4/1838         预约/预借

序号 登录号 条形码 馆藏地/架位号 状态 备注
1 1309676   213096763   第一样本阅览室/ [索取号:F279.244.4/1838] 在馆    
2 1309677   213096772   第一借阅区/ [索取号:F279.244.4/1838] 在馆    
3 1309678   213096781   第一借阅区/ [索取号:F279.244.4/1838] 在馆    
4 1309679   213096790   第一借阅区/ [索取号:F279.244.4/1838] 在馆    
唐山师范学院图书馆 欢迎您!
大连网信软件有限公司© 版权所有